Länderwortgemisch erraten - #1 - Statistiken

Allgemein
  • Dieses Quiz wurde 95 mal gespielt
  • Das Durchschnittsergebnis liegt bei 17 aus 20
Antwortstatistiken
Mischung Land % Korrekt
goot togo
99%
ilehc chile
98%
rpue peru
98%
hainc china
96%
pjana japan
96%
sola laos
95%
pniphlipen philippinen
95%
zwiechs schweiz
94%
neewhdcs schweden
93%
gotna tonga
86%
nniaedorj jordanien
85%
baerasscidhna aserbaidschan
78%
rumaken kamerun
75%
uurna nauru
74%
iirkgtsna kirgistan
73%
gutrolap portugal
73%
slsunard russland
68%
eesnelunda neuseeland
66%
saitnaan tansania
62%
mnneiar armenien
59%
Keine übereinstimmenden Quizze gefunden
Verteilung der Resultate
Anzahl Personen mit jedem Resultat
Perzentil nach korrekt beantworteten Fragen
Ihre Resultats-Entwicklung
Sie haben dieses Quiz noch nicht gespielt